Personnages de Friends par images (Click) - Statistiques

Statistiques générales
  • Ce quiz a été pris 702 fois
  • Le résultat moyen est 20 sur 25
Statistiques - réponses
Hint Réponse % Correct
Ross Geller
93%
Rachel Green
93%
Phoebe Buffay
93%
Joey Tribbiani
92%
Monica Geller
92%
Janice Litman Goralnick
90%
Gunther
90%
Jack Geller
89%
Ben Geller
88%
Richard Burcke
86%
Monsieur Heckles
86%
Emily Waltham
84%
Judy Geller
84%
Chandler Bing
82%
Carol Willick
82%
Mike Hannigan
81%
Nora Tyler Bing
80%
Amy Green
80%
Estelle Leonard
78%
Thomas Jones (Tag)
76%
Barry Farber
70%
Pete Becker
69%
Charlie Wheeler
66%
Paul Stevens
65%
Gavin Mitchell
58%
Aucun quiz correspondant
Distribution des résultats
% des personnes avec chaque résultat
Percentile par nombre de réponses
Votre historique - résultats
Vous n’avez pas pris ce quiz